000 00527nam a2200169Ia 4500
003 GCL
008 140319s9999 xx 000 0 ara d
040 _aGCL /
_cGCL
082 0 4 _a813.087
_bس ح
100 1 _aج. د. سالنجر
245 1 0 _aالحارس فى حقل الشومان: رواية /
_cج. د. سالنجر
260 _a[S.N] :
_bدار الحقيقة للطباعة والنشر ،
_c1988
300 _a239 ص
490 _aكنوز التراث العربى
_v0
650 0 4 _aالقصص
942 _2ddc
_cBK
999 _c53491
_d53491